000 00733nam a2200289Ia 4500
005 20260324124143.0
008 008 260324s9999 xx 000 0 eng d
020 _a9781936331871
037 _aEBOOK
040 _aCRL
040 _beng
040 _cCRL
041 _2eng
041 _aeng
084 _qCRL
100 _aDaniel J. Sherman
_91173054
245 0 _aNot Here, Not There, Not Anywhere
245 0 _bPolitics, Social Movements, and the Disposal of Low-Level Radioactive Waste
260 _bTaylor and Francis
260 _c2011
365 _a
365 _b58.99
856 _uhttp://www.taylorfrancis.com/books/9781936331871
942 _cEBOOK
999 _c1767205
_d1767205